MDQL
is popping MORE tags! Check the
thread
!
Quizzes
Events
Quiz Creation
Community
Videos
Private Events
Remove Ads
Sign In
Join for FREE
Feedback
Dark Mode
Quiz Categories
Sports
Geography
Music
Movies
Television
Just For Fun
Miscellaneous
History
Literature
Language
Science
Gaming
Entertainment
Religion
Holiday
For Kids
Quiz Lab
Recent
Popular Today
Quiz Kudos Today
Editor Picks
Curator Picks
Quizzes by...
Day
Popularity
Type
Ratings
Length
Year
Community
Subscriptions
Recent Discussions
Orange Saloon
Badges
Playlists
Quests
Create
Leaderboards
Showdown
Live 5
Trivia Bingo
Activity
Puzzle Library
Sporcle Events
Private Events
Virtual Trivia
Globe League
Become a Host
Pub Owners
SporcleCon
Opinionation
Our Games
Videos
Blog
Mobile Apps
Partnerships
Remove Ads and Go Orange
Feedback
Sports
Athletes
MLB
NBA
NHL
NFL
Soccer
Sports Teams
WWE
NCAA
Football
Premier League
Basketball
Baseball
Hockey
Golf
Tennis
Cricket
Rugby
Auto Racing
Olympics
World Cup
Sports
Athletes
MLB
NBA
NHL
NFL
Soccer
Sports Teams
WWE
NCAA
Football
Premier League
Basketball
Baseball
Hockey
Golf
Tennis
Cricket
Rugby
Auto Racing
Olympics
World Cup
Random Quiz
Search Sporcle
×
Quiz Lab
Quiz Lab
Sports
Board Games
Type in answers that appear in a list
Type in answers that appear in a list
Classic
Best Score? Go Orange.
225+ Rushing Yards in a Game Stats
Can you name the 225+ Rushing Yards in a Game?
By
dfoliver
6m
29 Questions
137 Plays
137 Plays
137 Plays
Comments
Comments
Give Quiz Kudos
Give Quiz Kudos
-
- Ratings
hide this ad
Replay
Link that replays current quiz
Next Quiz
Link to next quiz in quiz playlist
You Got
0%
They Got
Avg Score
51%
Avg Friend Score
Upgrade to see
Score Distribution
Jump to the score distribution portion of the page
Score
0/29
Timer
06:00
0
Plays Today
Date and Opponent
Player
% Correct
Nov. 1, 2009 vs. Jacksonville Jaguars
Chris Johnson
78.8%
Oct. 31, 1993 vs. Philadelphia Eagles
Emmitt Smith
77.4%
Nov. 4, 2007 vs. San Diego Chargers
Adrian Peterson
75.9%
Nov. 24, 1957 vs. Los Angeles Rams
Jim Brown
74.5%
Sep. 14, 2003 vs. Cleveland Browns
Jamal Lewis
73.7%
Nov. 13, 1994 vs. Tampa Bay Buccaneers
Barry Sanders
72.3%
Sep. 22, 1963 vs. Dallas Cowboys
Jim Brown
70.1%
Nov. 19, 1961 vs. Philadelphia Eagles
Jim Brown
69.3%
Dec. 28, 2003 vs. Oakland Raiders
LaDanian Tomlinson
68.6%
Sep. 16, 1973 vs. New England
O.J. Simpson
67.9%
Sep. 28, 1975 vs. Pittsburgh Steelers
O.J. Simpson
67.9%
Nov. 25, 1976 vs. Detroit Lions
O.J. Simpson
67.9%
Nov. 20, 1977 vs. Minnesota Vikings
Walter Payton
61.3%
Dec. 4, 1997 vs. Tennessee Titans
Corey Dillon
61.3%
Oct. 22, 200 vs. Denver Broncos
Corey Dillon
60.6%
Date and Opponent
Player
% Correct
Jan. 3, 2010 vs. Denver Broncos
Jamaal Charles
54.7%
Dec. 1, 2002 vs. Buffalo Bills
Ricky Williams
51.1%
Dec. 29, 2002 vs. Arizona Cardinals
Clinton Portis
46.7%
Dec. 20, 2009 vs. Kansas City Chiefs
Jerome Harrison
46.7%
Dec. 30, 2006 vs. Washington Redskins
Tiki Barber
43.1%
Nov. 22, 1998 vs. Cincinnati Bengals
Priest Holmes
42.3%
Nov. 19, 2000 vs. Pittsburgh Steelers
Fred Taylor
41.6%
Nov. 11, 2001 vs. Oakland Raiders
Shaun Alexander
41.6%
Dec. 3, 2000 vs. New Orleans Saints
Mike Anderson
40.9%
Sep. 12, 2010 vs. Indianapolis Colts
Arian Foster
27.7%
Oct. 19, 1997 vs. Denver Broncos
Napoleon Kaufman
8.8%
Dec. 5, 1971 vs. New Orleans Saints
Wilie Ellison
3.6%
Nov. 15, 1959 vs. Washington Redskins
Bobby Mitchell
2.9%
Dec. 9, 1963 vs. NY Jets
Cookie Gilchrist
2.9%
Quiz Playlist
Details
Report
Send in Message
Add To Playlist
Classic:
Type in answers that appear in a list
Quiz Source
Last Updated: Mar 11, 2017
Quiz Scoreboard
CHALLENGE
Sign Up to Join the Scoreboard
Show All
Scores
Hide
Comments
May contain spoilers
Recently Published
Find the 'City' Movie
by crazypaving
Movies
60s
5x2 Blitz: Bands
by SL_Kpop136
Music
30s
Colored Red Africa Blitz
by spor1
Geography
30s
More to Explore
Quiz From the Vault
Featured Blog Post
14 Easter Pick-up Lines to Find Eggs With
hide this ad
You Might Also Like...
Tags
Board Games Quiz
date
Gained
opponent
Player
Rushing
Yard
Today's Top Quizzes in Sports
Browse Sports
hide this ad
Today's Top Quizzes in Board Games
Browse Board Games
Top Contributed Quizzes in Sports
1
Players with Multiple 50 Home Run Seasons
2
Who Needs Fielders?
3
Criteria MLB: Left Handed Sluggers
4
MLB Players with Two .350 Batting Average Seasons
5
Who Hit More Homers?
6
2020 F1 Drivers Logic Puzzle
7
NBA Teammate Connections
8
Premier League Clubs since 2000 (minefield)
9
MLB Teams by First Game
10
Top 10 NHL Goal Scorers of All Time
Explore More
Trending Topics
Harry Potter
Crossword
NBA
Kpop
Marvel
Anime
Disney
The Office
WWE
Puzzle
Song
Pokémon
Country
Soccer
NFL
hide this ad
More By:
dfoliver
Quiz
Plays
Rating
Category
Featured
Created
States With the Most Counties
981
4.41
Geography
Apr 27, 2010
World War II Neutral Countries
533
3.11
History
May 28, 2015
Countries that do not end in -'ia'
513
4.10
Geography
Aug 26, 2016
Pink Floyd's The Wall Song Titles Not in the Lyrics
460
2.50
Music
Sep 23, 2016
2010 World Cup Football Country Trivia
306
3.50
Sports
Jun 7, 2010
Go to Creator's Profile
Score Distribution
Quiz Creator Spotlight
dfoliver
Follow
Send a Message
Quizzes Created
-
Created Quiz Play Count
-
More By This Creator
Popular Quizzes Today
1
5x2 Blitz: Bands
2
Find the 'City' Movie
3
Colored Red Africa Blitz
4
Find the US States - No Outlines Minefield
5
The Countries of the World
6
Find the US States
7
9x9 Crossword: Cartoon Network
8
US States
More Sports Quizzes
First XI: Gerrard - Rangers
Quiz Lab
Trending Quizzes
Colored Red Africa Blitz II
Colored Red Europe Blitz I
Christmas Pick: Judaism
Colored Red Africa Blitz III
Colored Red Europe Blitz II
Recently Updated
Champions League XIs: Real Madrid
pecheneg
Largest US Cities 1790-2010
pecheneg
Rides in Walt Disney World
pecheneg
Most Oscar Losses (Acting)
pecheneg
Beyoncé Albums
pecheneg
Leaping Animals
pecheneg
Reality TV Shows (A-Z)
bhenderson79
Rickey Henderson's Hall of Fame Teammates
pecheneg
Champions League XIs: Arsenal
pecheneg
Quick Pick: Celebrities in WWE's Hall of Fame
aduchscher
Trending Topics
Kpop
Harry Potter
Anime
Marvel
Disney
Crossword
NBA
Song
NFL
Country
Puzzle
Pokémon
Soccer
WWE
The Office
Your Account Isn't Verified!
In order to create a playlist on Sporcle, you need to verify the email address you used during registration. Go to your
Sporcle Settings
to finish the process.
Report this User
Report this user for behavior that violates our
Community Guidelines
.
Details:
Send Report
Go to the Sporcle.com Mobile Site →
Comments